El problema de la asimilación cultural (Registro nro. 28343)

Detalles MARC
000 -LEADER
fixed length control field 00381 a2200109 4500
001 - CONTROL NUMBER
control field ART_23029
005 - DATE AND TIME OF LATEST TRANSACTION
control field 20260410161928.0
008 - FIXED-LENGTH DATA ELEMENTS--GENERAL INFORMATION
fixed length control field 260409a
100 1# - MAIN ENTRY--PERSONAL NAME
Personal name Gini, Corrado
245 10 - TITLE STATEMENT
Title El problema de la asimilación cultural
773 0# - HOST ITEM ENTRY
Title Revista de la Facultad de Ciencias Económicas de la Universidad de Cuyo
Related parts - Año VII, Nº 22 (ene./abr. 1956)
Record control number REV22981

No hay ítems disponibles.